[Event "GBR-ch 99th"]
[Site "North Shields"]
[Date "2012.07.24"]
[Round "2"]
[White "Oswald, Graeme"]
[Black "Bhatia, Kanwal K"]
[Result "1/2-1/2"]
[WhiteElo "2178"]
[BlackElo "2103"]
[PlyCount "110"]
[EventDate "2012.07.23"]
[EventType "swiss"]
[EventRounds "11"]
[EventCountry "ENG"]
[Source "John Saunders"]
[SourceDate "2015.07.24"]

1. g3 e5 2. Bg2 Nc6 3. c4 Bc5 4. Nc3 d6 5. e3 Nge7 6. Nge2 O-O 7. O-O a6 8. d4
Ba7 9. d5 Nb8 10. b4 Nd7 11. Bb2 f5 12. Rc1 Qe8 13. a4 Qh5 14. a5 Rf6 15. Qd2
Rh6 16. h3 Nf6 17. f4 Bd7 18. Kf2 g5 19. Ke1 exf4 20. exf4 g4 21. h4 Re8 22.
Kd1 Qf7 23. Nd4 Nh5 24. Nce2 Ba4+ 25. Ke1 Bd7 26. Rc3 c6 27. Re3 cxd5 28. cxd5
Nf6 29. Re6 Bxd4 30. Nxd4 Nexd5 31. Rxe8+ Qxe8+ 32. Kf2 Ne4+ 33. Bxe4 fxe4 34.
Nc2 e3+ 35. Nxe3 Qxe3+ 36. Qxe3 Nxe3 37. Kxe3 Bf5 38. Kd4 Re6 39. Kd5 Kf7 40.
Rc1 Be4+ 41. Kc4 Kg6 42. b5 axb5+ 43. Kxb5 Re7 44. Ba3 Rd7 45. Rd1 d5 46. Bc5
Kf5 47. Bd4 Bc2 48. Re1 Be4 49. Kb6 Rf7 50. Re3 Rd7 51. Rc3 Bg2 52. Re3 Be4 53.
Ka7 Rc7 54. Rc3 Rxc3 55. Bxc3 d4 1/2-1/2

[Event "GBR-ch 99th"]
[Site "North Shields"]
[Date "2012.07.24"]
[Round "2"]
[White "Rudd, Jack"]
[Black "Jackson, James P"]
[Result "0-1"]
[WhiteElo "2295"]
[BlackElo "2126"]
[PlyCount "70"]
[EventDate "2012.07.23"]
[EventType "swiss"]
[EventRounds "11"]
[EventCountry "ENG"]
[Source "John Saunders"]
[SourceDate "2015.07.24"]

1. d4 d5 2. c4 e6 3. Nc3 c5 4. cxd5 exd5 5. Nf3 Nc6 6. g3 Nf6 7. Bg2 Be7 8. O-O
O-O 9. Bg5 c4 10. b3 h6 11. Bxf6 Bxf6 12. bxc4 dxc4 13. e3 Bf5 14. Qa4 Rc8 15.
Rfd1 a6 16. e4 Bg4 17. e5 Bxf3 18. Bxf3 Nxd4 19. Bxb7 Bxe5 20. Qxa6 Rb8 21. Be4
Qc7 22. Kg2 Ne2 23. Nd5 Qc5 24. Rab1 Rxb1 25. Rxb1 Rd8 26. Rb7 Nc3 27. Ne7+ Kh8
28. Bc2 Bf6 29. Nf5 Qd5+ 30. Kh3 Ne4 31. Bxe4 Qxe4 32. Ne3 c3 33. Rxf7 Qf3 34.
Ng4 Qf5 35. Qb6 Rc8 0-1

[Event "GBR-ch 99th"]
[Site "North Shields"]
[Date "2012.07.24"]
[Round "2"]
[White "Shaw, Peter"]
[Black "Foo, William"]
[Result "0-1"]
[WhiteElo "2168"]
[BlackElo "2009"]
[PlyCount "96"]
[EventDate "2012.07.23"]
[EventType "swiss"]
[EventRounds "11"]
[EventCountry "ENG"]
[Source "John Saunders"]
[SourceDate "2015.07.24"]

1. d4 d5 2. c4 c6 3. Nc3 Nf6 4. e3 g6 5. Bd3 Bg7 6. Qc2 O-O 7. Nf3 c5 8. dxc5
Qa5 9. a3 dxc4 10. Bxc4 Bf5 11. Qa4 Qxc5 12. O-O Nbd7 13. Be2 e5 14. h3 Nb6 15.
Qb5 Qxb5 16. Bxb5 Ne4 17. Nxe4 Bxe4 18. Bd2 a6 19. Be2 Na4 20. Bb4 Rfc8 21. b3
Nc5 22. Bc4 Bd3 23. Bxd3 Nxd3 24. Rad1 a5 25. Bd6 Rc3 26. b4 Ra6 27. Be7 Re6
28. Bd8 a4 29. Ra1 e4 30. Nd4 Bxd4 31. exd4 Kg7 32. Bg5 f5 33. g3 Rd6 34. Be3
Kf7 35. f3 exf3 36. Rxf3 Nb2 37. Kg2 Nc4 38. Bf2 Rxf3 39. Kxf3 b5 40. g4 fxg4+
41. hxg4 Rf6+ 42. Kg3 Ke6 43. d5+ Kxd5 44. Rd1+ Kc6 45. Rd3 Rd6 46. Rf3 Rd7 47.
g5 Kd5 48. Be3 Nxa3 0-1

[Event "GBR-ch 99th"]
[Site "North Shields"]
[Date "2012.07.24"]
[Round "2"]
[White "Shaw, Robert"]
[Black "Surtees, Michael"]
[Result "1-0"]
[WhiteElo "2220"]
[BlackElo "2113"]
[PlyCount "75"]
[EventDate "2012.07.23"]
[EventType "swiss"]
[EventRounds "11"]
[EventCountry "ENG"]
[Source "John Saunders"]
[SourceDate "2015.07.24"]

1. e4 c6 2. d4 d5 3. Nc3 b6 4. Nf3 e6 5. Bf4 Bb4 6. Bxb8 Rxb8 7. e5 Ne7 8. Bd3
Bb7 9. O-O Bxc3 10. bxc3 h6 11. Qc1 c5 12. Bb5+ Bc6 13. a4 Qd7 14. h4 Bxb5 15.
axb5 Rb7 16. Rb1 h5 17. Qf4 Qc7 18. g3 cxd4 19. Qxd4 O-O 20. Rb3 Rc8 21. Ra1
Nf5 22. Qd3 g6 23. Ra4 Kg7 24. Qd2 Qd7 25. Nd4 Nxd4 26. Rxd4 Rc5 27. Rdb4 Rbc7
28. Kg2 Qc8 29. Ra4 Rc4 30. Rba3 Qd7 31. Qg5 Rxa4 32. Rxa4 Rxc3 33. Qf6+ Kg8
34. g4 d4 35. gxh5 Qd5+ 36. f3 Rxc2+ 37. Kg3 gxh5 38. Rxa7 1-0

[Event "GBR-ch 99th"]
[Site "North Shields"]
[Date "2012.07.24"]
[Round "2"]
[White "Sugden, John N"]
[Black "Whitfield, Craig M"]
[Result "1/2-1/2"]
[WhiteElo "2142"]
[BlackElo "2020"]
[PlyCount "49"]
[EventDate "2012.07.23"]
[EventType "swiss"]
[EventRounds "11"]
[EventCountry "ENG"]
[Source "John Saunders"]
[SourceDate "2015.07.24"]

1. d4 Nf6 2. c4 g6 3. Nc3 Bg7 4. e4 d6 5. f3 O-O 6. Bg5 a6 7. Nge2 Nbd7 8. Qd2
c5 9. Rd1 b6 10. dxc5 bxc5 11. Nc1 Ne5 12. Be2 Rb8 13. O-O Bd7 14. b3 Nc6 15.
Nd5 Nxd5 16. cxd5 Nd4 17. Bxa6 Re8 18. Ne2 Ra8 19. Bc4 Ra3 20. Nxd4 Bxd4+ 21.
Be3 Bxe3+ 22. Qxe3 Rxa2 23. Ra1 Rxa1 24. Rxa1 Qb8 25. e5 1/2-1/2

[Event "GBR-ch 99th"]
[Site "North Shields"]
[Date "2012.07.24"]
[Round "2"]
[White "Tambini, Jasper"]
[Black "Walker, Nicholas P"]
[Result "0-1"]
[WhiteElo "1958"]
[BlackElo "2179"]
[PlyCount "100"]
[EventDate "2012.07.23"]
[EventType "swiss"]
[EventRounds "11"]
[EventCountry "ENG"]
[Source "John Saunders"]
[SourceDate "2015.07.24"]

1. e4 Nc6 2. Nf3 e5 3. Bb5 Nd4 4. Nxd4 exd4 5. O-O Bc5 6. d3 c6 7. Bc4 d5 8.
exd5 cxd5 9. Bb5+ Kf8 10. Ba4 Ne7 11. Nd2 a6 12. h3 Be6 13. Nf3 b5 14. Bb3 h6
15. Bf4 Rg8 16. Bh2 Nf5 17. Be5 f6 18. Bh2 g5 19. g4 Ne7 20. Nd2 a5 21. a4 b4
22. Ne4 Bxg4 23. hxg4 dxe4 24. Bxg8 Kxg8 25. dxe4 Ng6 26. Qd3 Bd6 27. e5 Nxe5
28. Bxe5 Bxe5 29. Qg6+ Kf8 30. Qxh6+ Kf7 31. Qh7+ Ke6 32. Rae1 Qd5 33. f4 gxf4
34. Rxf4 Kd6 35. Rf5 Rg8 36. Qh3 d3 37. Qxd3 Rxg4+ 38. Kf1 Qxd3+ 39. cxd3 b3
40. Re4 Rxe4 41. dxe4 Kc5 42. Rf2 Kb4 43. Rd2 Kxa4 44. Ke2 Kb4 45. Kd1 a4 46.
Re2 Bxb2 47. e5 fxe5 48. Re4+ Bd4 49. Kc1 a3 50. Re2 a2 0-1

[Event "GBR-ch 99th"]
[Site "North Shields"]
[Date "2012.07.24"]
[Round "2"]
[White "Walker, David"]
[Black "Hall, David E"]
[Result "1-0"]
[WhiteElo "2276"]
[BlackElo "2103"]
[PlyCount "105"]
[EventDate "2012.07.23"]
[EventType "swiss"]
[EventRounds "11"]
[EventCountry "ENG"]
[Source "John Saunders"]
[SourceDate "2015.07.24"]

1. c4 e5 2. g3 Nc6 3. Nc3 d6 4. Bg2 Be6 5. d3 Qd7 6. Rb1 g6 7. b4 Bg7 8. b5 Nd8
9. Nf3 Ne7 10. Ng5 c6 11. Nxe6 Nxe6 12. bxc6 bxc6 13. Ba3 f5 14. Qb3 O-O 15.
Qb7 Nc7 16. O-O e4 17. Rfc1 exd3 18. exd3 Bd4 19. Qb3 Na6 20. Ne2 Rab8 21. Qc2
Bg7 22. d4 Nc7 23. Qd3 Kh8 24. Rb3 Rxb3 25. axb3 g5 26. f4 g4 27. Rc2 Re8 28.
Ra2 Ng8 29. Bb4 a6 30. Ba5 Nf6 31. Bxc7 Qxc7 32. Qxf5 Qb6 33. Qd3 d5 34. cxd5
Nxd5 35. Bxd5 cxd5 36. Rxa6 Qb4 37. Kf2 Kg8 38. Ra4 Qb6 39. Ra2 Qb4 40. Kf1 Qb6
41. Rc2 Re4 42. Qc3 Re8 43. Qc6 Qd8 44. Qb7 Qa5 45. Rc8 Qa1+ 46. Kg2 Rxc8 47.
Qxc8+ Kf7 48. Qd7+ Kf8 49. Qd8+ Kf7 50. Qxd5+ Ke7 51. Qg5+ Bf6 52. Qxg4 Qb1 53.
Qf3 1-0

[Event "GBR-ch 99th"]
[Site "North Shields"]
[Date "2012.07.24"]
[Round "2"]
[White "Waters, Clive L"]
[Black "Burke, Mitchell R"]
[Result "1-0"]
[WhiteElo "2106"]
[BlackElo "1917"]
[PlyCount "45"]
[EventDate "2012.07.23"]
[EventType "swiss"]
[EventRounds "11"]
[EventCountry "ENG"]
[Source "John Saunders"]
[SourceDate "2015.07.24"]

1. Nf3 c5 2. c4 g6 3. g3 Bg7 4. Bg2 Nf6 5. O-O O-O 6. Nc3 d6 7. d4 cxd4 8. Nxd4
Nbd7 9. b3 Nc5 10. Bb2 a6 11. Rb1 e5 12. Nc2 Rb8 13. Ne3 Ne6 14. Ncd5 Ne8 15.
Qd2 f5 16. Rfd1 f4 17. gxf4 Qh4 18. fxe5 Bxe5 19. Bxe5 dxe5 20. Rf1 N8g7 21.
Qb4 Nd4 22. Ne7+ Kh8 23. Nxg6+ 1-0

[Event "GBR-ch 99th"]
[Site "North Shields"]
[Date "2012.07.24"]
[Round "2"]
[White "Weller, Jean Luc"]
[Black "Townsend, M Paul"]
[Result "1/2-1/2"]
[WhiteElo "2115"]
[BlackElo "2252"]
[PlyCount "63"]
[EventDate "2012.07.23"]
[EventType "swiss"]
[EventRounds "11"]
[EventCountry "ENG"]
[Source "John Saunders"]
[SourceDate "2015.07.24"]

1. d4 e6 2. c4 Nf6 3. Nc3 d5 4. cxd5 exd5 5. Bg5 c6 6. e3 Bf5 7. Qf3 Bg6 8.
Bxf6 Qxf6 9. Qxf6 gxf6 10. Nf3 Nd7 11. Nh4 Be7 12. g3 Nb6 13. f4 f5 14. Bd3
Bxh4 15. gxh4 Nc4 16. Bxc4 dxc4 17. Na4 f6 18. Kf2 Bf7 19. Rhg1 Ke7 20. e4 fxe4
21. f5 Rhg8 22. Rg3 Rad8 23. Ke3 Rxg3+ 24. hxg3 Rg8 25. Rg1 Rg4 26. Nc5 b6 27.
Nxe4 h5 28. Nf2 Rg8 29. g4 hxg4 30. Rxg4 Rxg4 31. Nxg4 b5 32. a3 1/2-1/2

[Event "GBR-ch 99th"]
[Site "North Shields"]
[Date "2012.07.25"]
[Round "3"]
[White "Bhatia, Kanwal K"]
[Black "Sugden, John N"]
[Result "1/2-1/2"]
[WhiteElo "2103"]
[BlackElo "2142"]
[PlyCount "61"]
[EventDate "2012.07.23"]
[EventType "swiss"]
[EventRounds "11"]
[EventCountry "ENG"]
[Source "John Saunders"]
[SourceDate "2015.07.24"]

1. e4 c5 2. c3 e6 3. d4 d5 4. exd5 exd5 5. Be3 cxd4 6. Bxd4 Nc6 7. Bb5 Nf6 8.
Nf3 Be7 9. O-O O-O 10. h3 Bf5 11. Re1 Nxd4 12. Nxd4 Bg6 13. Nd2 a6 14. Bf1 Bc5
15. N2f3 Qb6 16. b4 Bd6 17. Nh4 Rac8 18. Qf3 Ne4 19. Rac1 Nxc3 20. Ndf5 Ne4 21.
Ne3 Nf6 22. Nxd5 Nxd5 23. Qxd5 Bg3 24. Rxc8 Bxf2+ 25. Kh1 Bxe1 26. Nxg6 hxg6
27. Rxf8+ Kxf8 28. Bc4 Qc7 29. Bxa6 Bxb4 30. Bxb7 Bd6 31. Qd1 1/2-1/2

[Event "GBR-ch 99th"]
[Site "North Shields"]
[Date "2012.07.25"]
[Round "3"]
[White "Brown, Martin"]
[Black "Tambini, Jasper"]
[Result "1-0"]
[WhiteElo "2224"]
[BlackElo "1958"]
[PlyCount "51"]
[EventDate "2012.07.23"]
[EventType "swiss"]
[EventRounds "11"]
[EventCountry "ENG"]
[Source "John Saunders"]
[SourceDate "2015.07.24"]

1. e4 Nc6 2. Nf3 e5 3. d4 exd4 4. Nxd4 Nf6 5. Nxc6 bxc6 6. e5 Qe7 7. Qe2 Nd5 8.
c4 Ba6 9. b3 g5 10. g3 Bg7 11. Bb2 O-O 12. Nd2 Rae8 13. O-O-O Nb6 14. f4 d5 15.
h4 gxf4 16. gxf4 f6 17. Rg1 Kh8 18. Nf3 fxe5 19. Nxe5 Rf6 20. Qh5 Ref8 21. Bd3
h6 22. Ng6+ Rxg6 23. Rxg6 Bxb2+ 24. Kxb2 Nxc4+ 25. Ka1 Rf7 26. Rxh6+ 1-0

[Event "GBR-ch 99th"]
[Site "North Shields"]
[Date "2012.07.25"]
[Round "3"]
[White "Burke, Mitchell R"]
[Black "Shaw, Peter"]
[Result "0-1"]
[WhiteElo "1917"]
[BlackElo "2168"]
[PlyCount "74"]
[EventDate "2012.07.23"]
[EventType "swiss"]
[EventRounds "11"]
[EventCountry "ENG"]
[Source "John Saunders"]
[SourceDate "2015.07.24"]

1. e4 d6 2. Nc3 Nf6 3. f4 Bg4 4. Be2 Bxe2 5. Qxe2 Nc6 6. Nf3 e6 7. O-O d5 8. d3
Bc5+ 9. Kh1 a6 10. e5 Ng4 11. Nd1 h5 12. c3 Ne7 13. b4 Bb6 14. d4 Nf5 15. Ne3
Ngxe3 16. Bxe3 g6 17. Bf2 Kf8 18. Qe1 h4 19. Kg1 c6 20. g4 hxg3 21. hxg3 Qd7
22. Kg2 Kg7 23. Qe2 Bd8 24. Rh1 Be7 25. Rxh8 Rxh8 26. Rh1 Rxh1 27. Kxh1 Qd8 28.
Nd2 a5 29. b5 Qb6 30. a4 cxb5 31. Qxb5 Qxb5 32. axb5 a4 33. Kg2 a3 34. Nb3 a2
35. Kf3 Ba3 36. g4 Nh6 37. Be1 Bb2 0-1

[Event "GBR-ch 99th"]
[Site "North Shields"]
[Date "2012.07.25"]
[Round "3"]
[White "Burnett, Jim"]
[Black "Waters, Clive L"]
[Result "0-1"]
[WhiteElo "2174"]
[BlackElo "2106"]
[PlyCount "97"]
[EventDate "2012.07.23"]
[EventType "swiss"]
[EventRounds "11"]
[EventCountry "ENG"]
[Source "John Saunders"]
[SourceDate "2015.07.24"]

1. d4 e6 2. Nf3 Nf6 3. c4 d5 4. Nc3 Be7 5. Bg5 O-O 6. e3 Nbd7 7. Rc1 a6 8. Qc2
c6 9. h3 Re8 10. Bd3 dxc4 11. Bxc4 b5 12. Bd3 Bb7 13. e4 h6 14. Be3 c5 15. e5
Nd5 16. Nxd5 Bxd5 17. O-O Bxf3 18. gxf3 cxd4 19. Bxd4 Bg5 20. Rce1 Bf4 21. Qe2
Nf8 22. Bc3 Qg5+ 23. Kh1 Qh4 24. Kg2 Qg5+ 25. Kh1 Red8 26. Rg1 Qh5 27. Kg2 Rac8
28. Rd1 Ng6 29. Bxg6 Qxg6+ 30. Kh1 Qf5 31. Kg2 b4 32. Rxd8+ Rxd8 33. Bxb4 Bxe5
34. Re1 Bf4 35. Qxa6 Qg5+ 36. Kf1 Qh4 37. Ke2 Qxh3 38. Ba5 Rd5 39. Qc8+ Kh7 40.
Qc2+ g6 41. Bc3 e5 42. Rd1 Qd7 43. Rxd5 Qxd5 44. b3 h5 45. Qe4 Qd7 46. a4 h4
47. Qc2 h3 48. Kf1 h2 49. Kg2 0-1

[Event "GBR-ch 99th"]
[Site "North Shields"]
[Date "2012.07.25"]
[Round "3"]
[White "Chapman, Terry PD"]
[Black "Batchelor, Peter"]
[Result "1/2-1/2"]
[WhiteElo "2290"]
[BlackElo "2103"]
[PlyCount "94"]
[EventDate "2012.07.23"]
[EventType "swiss"]
[EventRounds "11"]
[EventCountry "ENG"]
[Source "John Saunders"]
[SourceDate "2015.07.24"]

1. Nf3 Nf6 2. c4 e6 3. g3 b6 4. Bg2 Bb7 5. O-O Be7 6. b3 O-O 7. Bb2 d5 8. e3
dxc4 9. bxc4 c5 10. d3 Nc6 11. Qe2 Rc8 12. Nc3 Qc7 13. Ne1 a6 14. f4 Rfd8 15.
Rd1 Nb4 16. a3 Bxg2 17. Nxg2 Nc6 18. f5 exf5 19. Rxf5 Qd7 20. Qf3 Re8 21. g4 h6
22. Ne4 Nxe4 23. dxe4 Qe6 24. Nf4 Qxc4 25. Nd5 Qc2 26. Bxg7 Kxg7 27. Rxf7+ Kg8
28. Rf1 Bd6 29. Rf2 Ne5 30. Rxc2 Nxf3+ 31. Rxf3 Kg7 32. Nxb6 Rc6 33. Nc4 Rxe4
34. h3 Be7 35. Rf4 Ree6 36. Rf5 Bg5 37. Kf2 Re4 38. Rc3 Bf6 39. Rc2 Bg5 40. Kf3
Rce6 41. Rc3 Bf6 42. Nd2 Ra4 43. Rcxc5 Rxa3 44. Ne4 Bd4 45. Rc7+ Kg8 46. Rc8+
Kg7 47. Rc7+ Kg8 1/2-1/2

[Event "GBR-ch 99th"]
[Site "North Shields"]
[Date "2012.07.25"]
[Round "3"]
[White "Conquest, Stuart"]
[Black "Mason, Donald"]
[Result "1/2-1/2"]
[WhiteElo "2501"]
[BlackElo "2244"]
[PlyCount "48"]
[EventDate "2012.07.23"]
[EventType "swiss"]
[EventRounds "11"]
[EventCountry "ENG"]
[Source "John Saunders"]
[SourceDate "2015.07.24"]

1. d4 e6 2. g3 d5 3. Bg2 Nf6 4. Nf3 b5 5. Bf4 Bb7 6. Qd3 a6 7. a4 b4 8. Nbd2
Nbd7 9. c4 bxc3 10. bxc3 c5 11. O-O Be7 12. Rfb1 Bc6 13. Qc2 O-O 14. dxc5 Nxc5
15. Ne5 Be8 16. a5 Rc8 17. Rd1 Nfd7 18. Nef3 f6 19. h4 Bg6 20. Qa2 Bf7 21. Be3
e5 22. Qb1 Bg6 23. Qa2 Bf7 24. Qb1 Bg6 1/2-1/2

[Event "GBR-ch 99th"]
[Site "North Shields"]
[Date "2012.07.25"]
[Round "3"]
[White "Foo, William"]
[Black "Houska, Jovanka"]
[Result "1/2-1/2"]
[WhiteElo "2009"]
[BlackElo "2406"]
[PlyCount "259"]
[EventDate "2012.07.23"]
[EventType "swiss"]
[EventRounds "11"]
[EventCountry "ENG"]
[Source "John Saunders"]
[SourceDate "2015.07.24"]

1. d4 d5 2. c4 e6 3. Nf3 Nf6 4. g3 Bb4+ 5. Bd2 Bd6 6. Nc3 c6 7. Bg2 Nbd7 8. O-O
O-O 9. b3 b6 10. Qc2 Bb7 11. e4 dxe4 12. Ng5 Be7 13. Ngxe4 Nxe4 14. Nxe4 Nf6
15. Rad1 h6 16. b4 Qd7 17. Bc3 Rfd8 18. Nxf6+ Bxf6 19. d5 cxd5 20. Bxf6 gxf6
21. cxd5 Bxd5 22. Bxd5 exd5 23. Rd4 Rac8 24. Qd3 b5 25. Qf3 Qe6 26. Rh4 Kg7 27.
Rg4+ Kf8 28. Rf4 Rd6 29. Qd3 Rc4 30. Qh7 Rxf4 31. Qxh6+ Kg8 32. Qxf4 d4 33. Qd2
d3 34. Re1 Qf5 35. Re3 Kg7 36. h4 Qd5 37. h5 Qg5 38. Kg2 Qd5+ 39. Kg1 Qg5 40.
Kg2 a6 41. Kg1 Rd7 42. Kg2 Kh6 43. Kg1 Rd8 44. Kg2 Qd5+ 45. Kg1 Kxh5 46. g4+
Kg6 47. Rg3 Kg7 48. g5 f5 49. g6 f6 50. Qe3 Qd7 51. Rh3 Rh8 52. Qxd3 Qxd3 53.
Rxd3 Rh4 54. a3 Kxg6 55. Rd6 a5 56. bxa5 Ra4 57. a6 Rxa3 58. Rb6 Ra1+ 59. Kg2
Kg5 60. Rxb5 Rxa6 61. Rb8 f4 62. Rb2 Ra3 63. f3 Kh4 64. Rc2 Ra8 65. Kh2 Ra5 66.
Rb2 Rd5 67. Rc2 Rd8 68. Rb2 Rg8 69. Rb4 Kg5 70. Rb5+ Kg6 71. Kg2 Re8 72. Rb2
Kg5 73. Ra2 Rd8 74. Rb2 Kf5 75. Re2 Rd3 76. Kf2 Ra3 77. Rb2 Rc3 78. Re2 Rc4 79.
Kg2 Rc6 80. Kf2 Rc5 81. Kg2 Re5 82. Ra2 Re6 83. Ra5+ Kg6 84. Ra2 f5 85. Rb2 Kf6
86. Kf2 Rc6 87. Re2 Rc3 88. Ra2 Ke6 89. Ra4 Rc2+ 90. Ke1 Ke5 91. Rb4 Ra2 92.
Rc4 Ra3 93. Kf2 Rd3 94. Ra4 Rd2+ 95. Ke1 Rd4 96. Ra5+ Kf6 97. Ra2 Rc4 98. Re2
Kg5 99. Rg2+ Kh4 100. Rg8 Rc2 101. Kf1 Kh5 102. Kg1 Rc6 103. Kf2 Rg6 104. Rf8
Kg5 105. Ra8 Rb6 106. Ra2 Kh4 107. Rc2 Kh3 108. Ra2 Rb1 109. Rc2 Rh1 110. Rc8
Rh2+ 111. Kg1 Rg2+ 112. Kf1 Ra2 113. Rg8 Kh2 114. Rg7 Kh3 115. Rg8 Kh4 116. Rg7
Kh5 117. Rg8 Kh6 118. Kg1 Ra7 119. Kf2 Rg7 120. Ra8 Kg5 121. Rb8 Rd7 122. Rb2
Kf6 123. Re2 Rh7 124. Kg2 Re7 125. Ra2 Ke5 126. Ra5+ Kd4 127. Ra4+ Ke3 128.
Ra3+ Kd2 129. Ra2+ Kc3 130. Ra4 1/2-1/2

[Event "GBR-ch 99th"]
[Site "North Shields"]
[Date "2012.07.25"]
[Round "3"]
[White "Grattage, Matthew"]
[Black "Coathup, Roger"]
[Result "0-1"]
[WhiteElo "1986"]
[BlackElo "2136"]
[PlyCount "94"]
[EventDate "2012.07.23"]
[EventType "swiss"]
[EventRounds "11"]
[EventCountry "ENG"]
[Source "John Saunders"]
[SourceDate "2015.07.24"]

1. c4 Nf6 2. Nf3 g6 3. Nc3 Bg7 4. g3 O-O 5. Bg2 d6 6. d4 Nbd7 7. O-O e5 8. e4
a6 9. b4 exd4 10. Nxd4 c5 11. bxc5 dxc5 12. Nde2 Ne5 13. Ba3 Qa5 14. Qa4 Qxa4
15. Nxa4 Nxc4 16. Bxc5 Re8 17. Rad1 Bd7 18. Nac3 Rac8 19. Bd4 Bc6 20. f3 b5 21.
Nf4 Rcd8 22. Bxf6 Bxf6 23. Ncd5 Kg7 24. Nxf6 Kxf6 25. Kf2 g5 26. Nd3 a5 27.
Rfe1 b4 28. f4 Ba4 29. Rc1 Rxd3 30. fxg5+ Kxg5 31. Rxc4 Rd2+ 32. Kg1 Re5 33. a3
Bb3 34. Rc6 bxa3 35. h4+ Kg4 36. Rf6 a2 37. Ref1 Rd1 38. Kh2 Rxf1 39. Rxf1 Kh5
40. Bf3+ Kg6 41. Be2 Bc2 42. Ra1 Bb1 43. Bf3 Kf6 44. Kg2 Rc5 45. Kf2 Ke5 46.
Ke2 Kd4 47. Kd2 Rc2+ 0-1

[Event "GBR-ch 99th"]
[Site "North Shields"]
[Date "2012.07.25"]
[Round "3"]
[White "Hall, David E"]
[Black "Storey, Charles"]
[Result "0-1"]
[WhiteElo "2103"]
[BlackElo "2247"]
[PlyCount "78"]
[EventDate "2012.07.23"]
[EventType "swiss"]
[EventRounds "11"]
[EventCountry "ENG"]
[Source "John Saunders"]
[SourceDate "2015.07.24"]

1. d4 Nf6 2. Nf3 c5 3. c3 g6 4. Bf4 b6 5. e3 Bg7 6. h3 Bb7 7. Nbd2 O-O 8. Be2
d6 9. O-O Nbd7 10. Bh2 a6 11. a4 Qc7 12. Qc2 cxd4 13. exd4 Bh6 14. Rfe1 Rfe8
15. Rad1 Nf8 16. Qb3 Bd5 17. Bc4 Bxc4 18. Nxc4 Rab8 19. d5 b5 20. axb5 axb5 21.
Na3 Qc5 22. Rd4 N8d7 23. Nc2 Nb6 24. Nb4 Ra8 25. Nd3 Qc7 26. Qxb5 Nbxd5 27. Ra4
Rab8 28. Qa5 Qd7 29. Ra2 e5 30. Nc1 Qc6 31. Qa6 Rb6 32. Qe2 Reb8 33. c4 Nc7 34.
g4 Ne6 35. Nxe5 dxe5 36. Bxe5 Nf4 37. Bxf4 Bxf4 38. Nd3 Qxc4 39. Qf3 Qxa2 0-1

[Event "GBR-ch 99th"]
[Site "North Shields"]
[Date "2012.07.25"]
[Round "3"]
[White "Hanley, James L"]
[Black "Combie, Alexander"]
[Result "1-0"]
[WhiteElo "2244"]
[BlackElo "2039"]
[PlyCount "75"]
[EventDate "2012.07.23"]
[EventType "swiss"]
[EventRounds "11"]
[EventCountry "ENG"]
[Source "John Saunders"]
[SourceDate "2015.07.24"]

1. e4 c5 2. Nf3 d6 3. Nc3 a6 4. d4 cxd4 5. Nxd4 Nf6 6. Bc4 e6 7. Bb3 b5 8. Bg5
Be7 9. Qf3 Qc7 10. O-O-O Nbd7 11. e5 Bb7 12. Qg3 dxe5 13. Bxe6 fxe6 14. Nxe6
Qc4 15. Nxg7+ Kf7 16. Nf5 Ne4 17. Nxe4 Bxe4 18. Ne3 Qc6 19. Bxe7 Rhc8 20. Bb4
Bxc2 21. Rd6 Qc7 22. Nd5 Qb7 23. Qf3+ Kg7 24. Rxd7+ Qxd7 25. Qf6+ Kg8 26. Ne7+
Qxe7 27. Qxe7 Bg6+ 28. Bc3 Re8 29. Qf6 Rac8 30. Kd2 b4 31. Bxe5 Rcd8+ 32. Bd4
Rd7 33. Qh8+ Kf7 34. Qg7+ Ke6 35. Re1+ Kd6 36. Qf6+ Kc7 37. Qb6+ Kc8 38. Rc1+
1-0

[Event "GBR-ch 99th"]
[Site "North Shields"]
[Date "2012.07.25"]
[Round "3"]
[White "Harvey, Marcus Ross"]
[Black "McDonald, Ian"]
[Result "1-0"]
[WhiteElo "2134"]
[BlackElo "1876"]
[PlyCount "77"]
[EventDate "2012.07.23"]
[EventType "swiss"]
[EventRounds "11"]
[EventCountry "ENG"]
[Source "John Saunders"]
[SourceDate "2015.07.24"]

1. g3 e5 2. Bg2 c5 3. c4 Nf6 4. Nc3 Nc6 5. d3 d6 6. Bg5 h6 7. Bxf6 Qxf6 8. a3
g6 9. b4 cxb4 10. axb4 Bg7 11. b5 e4 12. Rc1 Nb4 13. Nxe4 Qe7 14. Nc3 a5 15.
Nf3 Be6 16. O-O O-O 17. Na4 d5 18. c5 d4 19. Nd2 Na2 20. Rc2 Nc3 21. Nxc3 dxc3
22. Ne4 Bb3 23. d4 Bxc2 24. Qxc2 Bxd4 25. e3 Bg7 26. Nd6 Rad8 27. Nxb7 Rd2 28.
Qc1 Qd7 29. b6 Qd3 30. Nxa5 c2 31. Be4 Qc3 32. Nb3 Rdd8 33. Qxc2 Qb4 34. Bf3
Bc3 35. Rc1 Be5 36. Qc4 Qa3 37. c6 Bb2 38. c7 Rde8 39. b7 1-0

[Event "GBR-ch 99th"]
[Site "North Shields"]
[Date "2012.07.25"]
[Round "3"]
[White "Hoare, Amy B"]
[Black "Rudd, Jack"]
[Result "0-1"]
[WhiteElo "1958"]
[BlackElo "2295"]
[PlyCount "68"]
[EventDate "2012.07.23"]
[EventType "swiss"]
[EventRounds "11"]
[EventCountry "ENG"]
[Source "John Saunders"]
[SourceDate "2015.07.24"]

1. Nf3 Nc6 2. c4 e5 3. Nc3 f5 4. d3 Nf6 5. g3 Bc5 6. Bg2 d6 7. O-O O-O 8. a3 a5
9. e4 Qe8 10. Nd5 fxe4 11. Nxf6+ Rxf6 12. dxe4 Bg4 13. Qd5+ Kh8 14. Nh4 Nd4 15.
Bg5 c6 16. Qxc5 dxc5 17. Bxf6 gxf6 18. f3 Be6 19. Nf5 Bxf5 20. exf5 Qf7 21.
Rad1 Qxc4 22. Rfe1 Rd8 23. f4 exf4 24. gxf4 Rg8 25. Kh1 Rxg2 26. Kxg2 Qd5+ 27.
Kg1 Nf3+ 28. Kf1 Nxe1 29. Rxd5 cxd5 30. Kxe1 b5 31. Kd2 Kg7 32. Ke3 Kh6 33. Kf3
Kh5 34. Ke3 Kg4 0-1

[Event "GBR-ch 99th"]
[Site "North Shields"]
[Date "2012.07.25"]
[Round "3"]
[White "Holland, James P"]
[Black "Eggleston, David"]
[Result "1-0"]
[WhiteElo "2200"]
[BlackElo "2323"]
[PlyCount "69"]
[EventDate "2012.07.23"]
[EventType "swiss"]
[EventRounds "11"]
[EventCountry "ENG"]
[Source "John Saunders"]
[SourceDate "2015.07.24"]

1. c4 b6 2. d4 Bb7 3. Nc3 Nf6 4. d5 e6 5. a3 g6 6. e4 exd5 7. cxd5 Bg7 8. Nf3
Qe7 9. Bd3 Nxd5 10. Nxd5 Bxd5 11. O-O Bb7 12. Bg5 Qe6 13. Rc1 O-O 14. b4 Bxe4
15. Bxe4 Qxe4 16. Rxc7 a5 17. b5 Qf5 18. Qb1 Qe6 19. Re1 Qd6 20. Qc1 Bf6 21.
Bf4 Qd5 22. Rc8 Nc6 23. Rxf8+ Rxf8 24. bxc6 dxc6 25. Bc7 Qb5 26. Be5 Be7 27.
Qh6 f6 28. Ng5 Rf7 29. Nxf7 Bf8 30. Qf4 fxe5 31. Nxe5 Qd5 32. Ng4 Be7 33. Nf6+
Bxf6 34. Qxf6 Qd7 35. h3 1-0

[Event "GBR-ch 99th"]
[Site "North Shields"]
[Date "2012.07.25"]
[Round "3"]
[White "Jackson, James P"]
[Black "Gormally, Daniel"]
[Result "0-1"]
[WhiteElo "2126"]
[BlackElo "2505"]
[PlyCount "88"]
[EventDate "2012.07.23"]
[EventType "swiss"]
[EventRounds "11"]
[EventCountry "ENG"]
[Source "John Saunders"]
[SourceDate "2015.07.24"]

1. e4 d6 2. d4 Nf6 3. Nc3 g6 4. f4 Bg7 5. a3 O-O 6. Nf3 Bg4 7. Be3 Nfd7 8. Qd2
c5 9. Be2 Bxf3 10. Bxf3 cxd4 11. Bxd4 e5 12. Be3 Nb6 13. Be2 Nc6 14. O-O exf4
15. Bxf4 Nd4 16. Rad1 Rc8 17. Kh1 Qe7 18. Rf2 Be5 19. Bf1 Ne6 20. Bxe5 dxe5 21.
Nd5 Nxd5 22. exd5 Rfd8 23. c4 Nd4 24. Qe3 Qd6 25. Re1 Re8 26. Qg5 Kg7 27. Bd3
f6 28. Qg3 b5 29. cxb5 Qxd5 30. a4 e4 31. Bb1 e3 32. Rf4 Re5 33. h4 Rce8 34.
Kh2 Qd6 35. Rg4 f5 36. Rf4 e2 37. Rf2 Qf6 38. Rf4 Re3 39. Qf2 Qe5 40. Kg1 Rc8
41. a5 Rc1 42. Rxc1 e1=Q+ 43. Rxe1 Rxe1+ 44. Kh2 Ne6 0-1